000
00322nam a22001337a 4500
008
181107b xxu||||| |||| 00| 0 eng d
020
_a
9780495098973
041
_a
eng
080
_2
9th
_a
316
100
_a
50
101
_a
SOC
245
_a
Introduction to social work and social welfare
_c
Zastrow, Ch
942
_2
udc
_c
BK
999
_c
52165
_d
52165